Catálogo - Centro de Recursos para el Aprendizaje y la Investigación

Volver al Sitio - CRAI Biblioteca

Construyendo la paz en la escuela : (Registro nro. 113797)

Detalles MARC
000 -CABECERA
campo de control de longitud fija 00878nam a22002417a 4500
001 - NÚMERO DE CONTROL
campo de control 113797
003 - IDENTIFICADOR DEL NÚMERO DE CONTROL
campo de control DR-UNIBE
005 - FECHA Y HORA DE LA ÚLTIMA TRANSACCIÓN
campo de control 20250630110258.0
008 - DATOS DE LONGITUD FIJA--INFORMACIÓN GENERAL
campo de control de longitud fija 250627b2015 dr ||||| |||| 00| 0 spa d
040 ## - FUENTE DE LA CATALOGACIÓN
Centro catalogador/agencia de origen BIBLIOTECA UNIBE
Lengua de catalogación spa
Centro/agencia transcriptor BIBLIOTECA UNIBE
Normas de descripción rda
041 ## - CÓDIGO DE LENGUA
Código de lengua del texto/banda sonora o título independiente spa
082 ## - NÚMERO DE LA CLASIFICACIÓN DECIMAL DEWEY
Número de clasificación F-RD 5974
100 1# - ENTRADA PRINCIPAL--NOMBRE DE PERSONA
Nombre de persona Civolani, Katy
Término indicativo de función/relación autor
9 (RLIN) 196778
245 10 - MENCIÓN DE TÍTULO
Título Construyendo la paz en la escuela :
Resto del título cuidado y buen trato procesamiento positivo del conflicto /
Mención de responsabilidad, etc. Katy Civolani
260 ## - PUBLICACIÓN, DISTRIBUCIÓN, ETC.
Lugar de publicación, distribución, etc. Santo Domingo :
Nombre del editor, distribuidor, etc. Ministerios de Educación (MINERD) :
Fecha de publicación, distribución, etc. 2015
300 ## - DESCRIPCIÓN FÍSICA
Extensión 2 volúmenes
650 #7 - PUNTO DE ACCESO ADICIONAL DE MATERIA--TÉRMINO DE MATERIA
Fuente del encabezamiento o término lemb
Término de materia o nombre geográfico como elemento de entrada Personal docente
650 #7 - PUNTO DE ACCESO ADICIONAL DE MATERIA--TÉRMINO DE MATERIA
Fuente del encabezamiento o término lemb
Término de materia o nombre geográfico como elemento de entrada Escuelas
700 1# - PUNTO DE ACCESO ADICIONAL--NOMBRE DE PERSONA
Nombre de persona Montás D´Oleo, Bertha Marcily
Término indicativo de función/relación diseñador y diagramador
9 (RLIN) 196779
700 1# - PUNTO DE ACCESO ADICIONAL--NOMBRE DE PERSONA
Nombre de persona Ceballos, Rita Ma.
Término indicativo de función/relación coordinador y revisor
9 (RLIN) 196757
700 1# - PUNTO DE ACCESO ADICIONAL--NOMBRE DE PERSONA
Nombre de persona Adames, Digna María
Término indicativo de función/relación coordinador y revisor
9 (RLIN) 196780
942 ## - ELEMENTOS DE PUNTO DE ACCESO ADICIONAL (KOHA)
Fuente del sistema de clasificación o colocación Sistema de Clasificación Decimal Dewey
Tipo de ítem Koha Folleto
Existencias
Estado de retiro Estado de pérdida Fuente del sistema de clasificación o colocación Estado dañado No para préstamo Código de colección Localización permanente Fecha de adquisición Total de préstamos Signatura topográfica completa Código de barras Fecha visto por última vez Número de copia Precio válido a partir de Tipo de ítem Koha
  Disponible Sistema de Clasificación Decimal Dewey     Folletos - Dominicanos Biblioteca Central UNIBE 30/06/2025   F-RD 5974 F250094 30/06/2025 Vol. 1, Ej. 1 30/06/2025 Folleto
  Disponible Sistema de Clasificación Decimal Dewey     Folletos - Dominicanos Biblioteca Central UNIBE 30/06/2025   F-RD 5974 F250095 30/06/2025 Vol. 1, Ej. 2 30/06/2025 Folleto
  Disponible Sistema de Clasificación Decimal Dewey     Folletos - Dominicanos Biblioteca Central UNIBE 30/06/2025   F-RD 5974 F250096 30/06/2025 Vol. 2, Ej. 1 30/06/2025 Folleto
  Disponible Sistema de Clasificación Decimal Dewey     Folletos - Dominicanos Biblioteca Central UNIBE 30/06/2025   F-RD 5974 F250149 05/08/2025 Vol. 2, Ej. 2 30/06/2025 Folleto